Statistics for Largest United States Airlines

Click here to take the quiz!

General Stats

  • This quiz has been taken 27,567 times
    (13,836 since last reset)
  • The average score is 6 of 10

Answer Stats

PassengersAirline% Correct
200 milAmerican
96%
186 milDelta
93%
145 milUnited
89%
158 milSouthwest
84%
44 milAlaska
64%
40 milJetBlue
61%
24 milSpirit
47%
16 milFrontier
43%
11 milHawaiian
37%
12 milAllegiant
26%

Score Distribution

Percentile by Number Answered

Percent of People with Each Score

Your Score History

You have not taken this quiz since the last reset